000 00581nam a2200217Ia 4500
003 OSt
005 20220923230827.0
006 a|||||r|||| 00| 0
007 ta
008 Pun
024 _a305,912
037 _cTextual
040 _aARTS
_cARTS
_bPun
041 _2Pun
_aPun
082 _aQ2wG70, 153J9
100 _aਖਗ਼ਾਨ ਸਿੰਘ
245 0 _aਜਨਮ ਸਾਖੀ ਬ੍ਰਹਮ ਗਿਆਨੀ ਨਾਮ ਦੇਵ ਜੀ
260 _c1959
942 _hQ2wG70, 153J9
_cTEXL
_2CC
999 _c387699
_d387699